000 00665nam a22002297a 4500
003 UA-OsUOA
001 74841
007 ta
008 20110418b un ||||| |||| 00| 0 ukr d
100 _aМироненко К.М.
700 _aГорбаненко С.А.
090 _a902
_bМ64
942 _cSA
040 _aUA-OsUOA
_bukr
_cUA-OsUOA
_dUA-OsUOA
245 _a"Скарб" землеробських знарядь з Полтавщини
300 _aС.97-101
955 _a0
041 _aukr
080 _a902
773 0 _w74830
_tАрхеологія
_dК.
_d2011
_g1
650 7 _a9 Географія. Біографії. Історія
_2UDC
999 _c361138
_d361138